[Event "Mendrisio op"]
[Site "Mendrisio"]
[Date "1999.??.??"]
[Round "5"]
[White "Mantovani, Renzo"]
[Black "Gallagher, Joseph G"]
[Result "0-1"]
[WhiteElo "2377"]
[BlackElo "2519"]

1.e4 c5 2.Nf3 d6 3.Bb5+ Nd7 4.d4 Nf6 5.e5 Qa5+ 6.Nc3 Ne4 7.Bd2 Nxc3 8.Bxd7+ Bxd7
9.Bxc3 Qa6 10.exd6 exd6 11.Qe2+ Qxe2+ 12.Kxe2 f6 13.Rhe1 Kf7 14.Rad1 Re8+
15.Kd2 Rxe1 16.Kxe1 Bf5 17.dxc5 dxc5 18.Rd8 Rg8 19.Kd1 Be7 20.Rxg8 Kxg8 21.a4 Be4
22.Ne1 Kf7 23.h4 h5 24.Ke2 Ke6 25.Ke3 Bc6 26.b3 Kf5 27.f3 Bd6 28.Kf2 c4 29.Bd4 a6
30.Bb6 Bb4 31.a5 Bd5 32.bxc4 Bxc4 33.g3 Ke5 34.Ng2 Kd6 35.Nf4 Bf7 36.Nd3 Bc3
37.Nf4 Kc6 38.Ne2 Bb4 39.Nd4+  0-1

[Event "Fide Mercenarios 40th"]
[Site "Mexico"]
[Date "1999.??.??"]
[Round "1"]
[White "Araiza Nieto, Victor Fernando"]
[Black "Villanueva, Manuel"]
[Result "0-1"]
[WhiteElo "2000"]
[BlackElo "2000"]

1.e4 c5 2.Nf3 d6 3.Bb5+ Bd7 4.Bxd7+ Qxd7 5.O-O Nc6 6.c3 Nf6 7.Re1 g6 8.d3 Bg7
9.Nbd2 O-O 10.Nf1 a6 11.h3 b5 12.Be3 b4 13.Qd2 bxc3 14.bxc3 Rab8 15.Rac1 Rb7
16.N3h2 Rfb8 17.f4 Rb2 18.Rc2 Qb7 19.Re2 Rxc2 20.Qxc2 Qb1 21.Qxb1 Rxb1 22.Kf2 c4
23.Kf3 cxd3 24.Rd2 Nd7 25.e5 dxe5 26.Rxd3 exf4 27.Kxf4 Be5+ 28.Kf3 Bxh2 29.Nxh2 Nce5+
30.Ke2 Nxd3 31.Kxd3 Rb2 32.Nf3 Rxg2 33.Nd2 f5 34.h4 e5 35.Bg5 Rg4 36.Nb3 Ra4
37.c4 Kf7 38.c5 Nf8 39.Bd8 Ne6 40.c6 Ke8 41.c7 Kd7 42.Kc3 Ra3 43.Kb4 Rxb3+
44.Kxb3 Nxd8 45.cxd8=Q+ Kxd8 46.Kc4 Ke7  0-1

[Event "Naantali op"]
[Site "Naantali"]
[Date "1999.??.??"]
[Round "6"]
[White "Nyysti, Sampsa"]
[Black "Lehtinen, Heikki"]
[Result "1-0"]
[WhiteElo "2178"]
[BlackElo "2201"]

1.e4 c5 2.Nf3 d6 3.Bb5+ Bd7 4.Bxd7+ Qxd7 5.O-O Nc6 6.c3 Nf6 7.Qe2 e6 8.d4 cxd4
9.cxd4 d5 10.e5 Ne4 11.Be3 f6 12.exf6 gxf6 13.Nfd2 Nd6 14.Nc3 Nf5 15.Rfe1 h5
16.Nb3 Kf7 17.Rad1 Bd6 18.Nc5 Qe7 19.Nxd5 exd5 20.Qf3 Kg6 21.Bf4 Ncxd4 22.Qxd5 Ne2+
23.Rxe2 Qxe2 24.Bxd6 Rad8 25.Ne6 Qxd1+ 26.Qxd1 Rxd6 27.Nf4+ Kg5 28.Qf3 Nd4
29.Nh3+ Kh6 30.Qf4+ Kg6 31.Qxd6 Rc8 32.Nf4+ Kg5 33.h4+  1-0

[Event "Fan Adams Int"]
[Site "New York "]
[Date "1999.??.??"]
[Round "5"]
[White "Morrison, William"]
[Black "Shahade, Gregory"]
[Result "1/2-1/2"]
[WhiteElo "2365"]
[BlackElo "2385"]

1.e4 c5 2.Nf3 d6 3.Bb5+ Bd7 4.a4 Nc6 5.O-O a6 6.Bc4 Nf6 7.Nc3 e6 8.d4 cxd4
9.Nxd4 Be7 10.Nxc6 Bxc6 11.Bd3 O-O 12.f4 d5 13.e5 Ne4 14.Qe2 Bc5+ 15.Kh1 Nxc3
16.bxc3 f5 17.Be3 Qa5 18.Bd4 Bxd4 19.cxd4 Qc3 20.Qe3 b5 21.g4 bxa4 22.gxf5 exf5
23.Rg1 Bb5 24.e6 Rf6 25.Qe5 Rg6 26.e7 Re8 27.Qxd5+ Kh8 28.Qxf5 Qc6+ 29.d5 Qf6
30.c4 Qxf5 31.Bxf5 Bxc4 32.Rxg6 Bxd5+ 33.Rg2 Rxe7 34.Kg1 Bxg2 35.Kxg2 Rf7
36.Rd1 g6 37.Bc8 Rxf4 38.Bxa6 Kg7 39.Ra1 Rb4 40.Be2 Rd4 41.Bd1 a3 42.Bf3 Rd3  1/2-1/2

[Event "Oberwart op"]
[Site "Oberwart"]
[Date "1999.??.??"]
[Round "3"]
[White "Balinov, Ilija"]
[Black "Beck, Hartmuth"]
[Result "1-0"]
[WhiteElo "2448"]
[BlackElo "2235"]

1.e4 c5 2.Nf3 d6 3.Bb5+ Bd7 4.Bxd7+ Qxd7 5.c4 Nc6 6.Nc3 g6 7.d4 Bg7 8.d5 Bxc3+
9.bxc3 Na5 10.O-O f6 11.a4 Nxc4 12.Qd3 Ne5 13.Nxe5 fxe5 14.f4 exf4 15.Bxf4 Nf6
16.e5 dxe5 17.Bxe5 O-O 18.d6 Kg7 19.Rad1 exd6 20.Qxd6  1-0

[Event "Oberwart op"]
[Site "Oberwart"]
[Date "1999.??.??"]
[Round "6"]
[White "Golubovic, Boris"]
[Black "Wohlfahrt, Herbert J"]
[Result "1/2-1/2"]
[WhiteElo "2457"]
[BlackElo "2282"]

1.e4 c5 2.Nf3 d6 3.Bb5+ Bd7 4.Bxd7+ Nxd7 5.O-O e6 6.d3 Ne7 7.Bg5 Qc7 8.Nc3 a6
9.d4 cxd4 10.Nxd4 Nc6 11.Re1 Be7 12.Bxe7 Nxe7 13.Nce2 O-O 14.c3 Nf6 15.Ng3 Nc6
16.Nxc6 Qxc6 17.a4 Rfd8 18.a5 Rac8 19.Ra4 Rd7 20.Qb3 Qc5 21.h3 Rcc7 22.Rd1 Qe5
23.Qb6 Qc5 24.Qb3 Qe5 25.Rad4 h6 26.Qa3 d5 27.Qb4 dxe4 28.Rxd7 Nxd7 29.Nxe4 f5
30.Nd6 Nc5 31.Qd4 Qxd4 32.Rxd4 Nb3 33.Ra4 Kf8 34.Nc4 Nc5 35.Rb4 Nd3 36.Ra4 Ke7
37.Kf1 e5 38.g3 e4 39.h4 Nc5 40.Rb4 Nd3 41.Ra4 Nc5  1/2-1/2

[Event "Olomouc Proclient op"]
[Site "Olomouc"]
[Date "1999.??.??"]
[Round "7"]
[White "Friml, Antonin"]
[Black "Krupa, Krzysztof"]
[Result "1-0"]
[WhiteElo "2130"]
[BlackElo "2050"]

1.e4 c5 2.Nf3 d6 3.Bb5+ Bd7 4.Bxd7+ Qxd7 5.O-O Nc6 6.d4 cxd4 7.Nxd4 Nf6 8.Nc3 g6
9.f4 Bg7 10.Nf3 O-O 11.Qe2 Rac8 12.Bd2 Ng4 13.Kh1 Na5 14.h3 Nf6 15.Rad1 Nc4
16.Bc1 Nh5 17.Qe1 Na3 18.Rf2 Nb5 19.Nxb5 Qxb5 20.Nd4 Qa4 21.e5 Qxa2 22.g4 Nxf4
23.Bxf4 Qxb2 24.Rfd2 Rc4 25.Qe4 dxe5 26.Bxe5 Bh6 27.Nf5 gxf5 28.Qxc4 Qxe5
29.Re2 Qg3 30.Rd3 Qh4 31.Qd5 f4 32.Qxb7 Bg5 33.Qxa7 Qh6 34.Qc5 Rb8 35.Kg2 Bf6
36.Qf5 Kg7 37.Re4 Rb2 38.Re2 e6 39.Qe4 Rb1 40.Rd7 f3+ 41.Qxf3 Qc1 42.Kg3 Qg1+
43.Qg2 Qc5 44.Qe4 Rg1+ 45.Kh2 Rf1 46.Kg3 Rg1+ 47.Rg2 Be5+ 48.Kf3 Qc3+ 49.Rd3 Rf1+
50.Rf2 Rxf2+ 51.Kxf2 Qxc2+ 52.Qe2 Qxe2+ 53.Kxe2 Kg6 54.Rd7 Bf4 55.Kf3 e5
56.h4 h6 57.Rd8 Kf6 58.Ke4 Bg3 59.Rd6+ Kg7 60.h5 Bf4 61.Ra6 Bg3 62.Kf5 Bf4
63.Rb6 Be3 64.Rb7 Bf4 65.Ra7 Be3 66.Ra6 Bf4 67.Ke4 Bg3 68.Kd5 Bf4 69.Ke4 Bg3
70.Kf5 Bf4 71.Rc6 Bg3 72.Rb6 Bf4 73.Ra6 Bg3 74.g5 hxg5 75.h6+ Kh7 76.Kxg5 e4
77.Ra7 Kg8 78.Re7 Be1 79.Rxe4 Bd2+ 80.Kh5 Bc1 81.Rg4+ Kh8 82.Rg7 f5 83.Kg6  1-0

[Event "CZE-ch op"]
[Site "Plzen"]
[Date "1999.??.??"]
[Round "?"]
[White "Hallerova, Eva"]
[Black "Polak, Tomas"]
[Result "0-1"]
[WhiteElo "2153"]
[BlackElo "2488"]

1.e4 c5 2.Nf3 d6 3.Bb5+ Nd7 4.c3 Nf6 5.Qe2 a6 6.Ba4 b5 7.Bc2 Bb7 8.d3 g6
9.O-O Bg7 10.Bg5 h6 11.Bh4 g5 12.Bg3 Nh5 13.Nbd2 Nxg3 14.hxg3 e6 15.a4 Rb8
16.axb5 axb5 17.Rfd1 O-O 18.Nf1 Qb6 19.d4 Rbe8 20.Qd3 c4 21.Qd2 f5 22.Re1 f4
23.gxf4 gxf4 24.Nh4 Qd8 25.Ng6 Rf7 26.Nxf4 Qh4 27.Nh3 e5 28.d5 Nc5 29.Ng3 Bc8
30.Nf5 Bxf5 31.exf5 Bf6 32.Qe3 Rg7 33.Kh2 e4 34.g3 Qh5 35.f4 Qxf5 36.Ra5 Qxd5
37.Rxb5 Qc6 38.Ra5 Bd8 39.Ra2 Bb6 40.Qe2 d5 41.Qh5 Rd8 42.Re2 Nd3 43.Ra1 Qf6
44.Qh4 Qxh4 45.gxh4 Bc7 46.b3 Rf8 47.Rg1 Bxf4+ 48.Kh1 Rxg1+ 49.Kxg1 Ne5 50.bxc4 Nxc4
51.Bb3 Be3+ 52.Kg2 Rf3 53.Bxc4 dxc4 54.Ng1 Bxg1 55.Kxg1 Rf4 56.h5 Kf7 57.Rd2 Kf6
58.Kg2 Kg5 59.Rd4 e3 60.Rd5+ Kg4 61.Rd6 Re4 62.Kf1 e2+ 63.Ke1 Kxh5 64.Rd8 Kg4
65.Rg8+ Kh4 66.Rg2 h5 67.Rg7  0-1

[Event "Recklinghausen op"]
[Site "Recklinghausen"]
[Date "1999.??.??"]
[Round "5"]
[White "Glek, Igor V"]
[Black "Madl, Ildiko"]
[Result "1-0"]
[WhiteElo "2535"]
[BlackElo "2435"]

1.e4 c5 2.Nf3 d6 3.Bb5+ Nc6 4.O-O Bd7 5.Re1 a6 6.Bf1 g6 7.d4 cxd4 8.Nxd4 Bg7
9.Nxc6 Bxc6 10.c4 Nf6 11.Nc3 O-O 12.Bg5 h6 13.Bh4 Qd7 14.Nd5 Bxd5 15.exd5 Rfe8
16.Rc1 a5 17.h3 Nh5 18.b3 b6 19.Be2 Bf6 20.Bxf6 Nxf6 21.Rc3 e5 22.dxe6 Rxe6
23.Bf3 Rae8 24.Rxe6 Rxe6 25.Rd3 Qe7 26.Kf1 Qc7 27.g3 Qc5 28.Kg2 Qb4 29.Qc1 Kg7
30.Qb2 Kh7 31.Bd5 Nxd5 32.Rxd5 a4 33.Qd2 Qa3 34.b4  1-0

[Event "Recklinghausen op"]
[Site "Recklinghausen"]
[Date "1999.??.??"]
[Round "6"]
[White "Kishnev, Sergey"]
[Black "Koscielski, Janusch"]
[Result "1-0"]
[WhiteElo "2495"]
[BlackElo "2310"]

1.e4 c5 2.Nf3 d6 3.Bb5+ Nd7 4.d4 Nf6 5.Nc3 a6 6.Bxd7+ Nxd7 7.O-O e6 8.Bg5 f6
9.Bf4 cxd4 10.Nxd4 Ne5 11.Qh5+ g6 12.Qe2 Be7 13.Be3 O-O 14.Rad1 Bd7 15.f4 Nc6
16.f5 Nxd4 17.Bxd4 e5 18.Be3 Rc8 19.Rf3 Rxc3 20.bxc3 gxf5 21.exf5 Kh8 22.c4 Bc6
23.Rh3 Rf7 24.Rg3 Bf8 25.Qh5 Rg7 26.Rxg7 Bxg7 27.Bc5 Qg8 28.Bxd6 Bh6 29.Qe2 Be3+
30.Kh1 Qg5 31.Be7 Bf4 32.Rd6 Qh6 33.Rd8+  1-0

[Event "US-Open"]
[Site "Reno"]
[Date "1999.??.??"]
[Round "?"]
[White "Rozentalis, Eduardas"]
[Black "Arencibia, Walter"]
[Result "1/2-1/2"]
[WhiteElo "2577"]
[BlackElo "2520"]

1.e4 c5 2.Nf3 d6 3.Bb5+ Nd7 4.O-O Nf6 5.d3 a6 6.Bxd7+ Nxd7 7.b3 b6 8.Bb2 Bb7
9.Nbd2 e5 10.Nc4 Be7 11.Nfd2 O-O 12.Ne3 g6 13.Qe2 Bg5 14.Ndc4 b5 15.Nxd6 Bc6
16.Ng4 h5 17.Nxe5 Nxe5 18.Bxe5 f6 19.Bg3 h4 20.Bxh4 Bxh4 21.Qg4 Bg5 22.Qe6+ Kh7
23.Nf7 Qc7 24.Nxg5+ fxg5 25.c3 Rae8 26.Qh3+ Kg7 27.Qe3 Qe5 28.f3 Rh8 29.g3 Rh3
30.Rf2 g4 31.fxg4 Re7 32.Rf4 Rh8 33.d4 Qe6 34.Re1 Rhe8 35.dxc5 Qe5 36.Qd4 Qxd4+
37.cxd4 Bxe4 38.g5 Re6 39.Kf2 Bd5 40.Rxe6 Rxe6 41.g4 b4 42.h4 a5 43.h5 gxh5
44.gxh5 a4 45.Rf5 axb3 46.axb3 Be4 47.Rf4 Bd5 48.h6+ Kg6 49.Rf8 Re7 50.Rd8 Bxb3
51.d5 Kxg5 52.d6 Rf7+ 53.Ke3 Ba4 54.Rb8 Kxh6 55.Rxb4 Bd7 56.Rb6 Kg5 57.c6 Bxc6
58.Rxc6 Kf5 59.Rc7 Ke6  1/2-1/2

[Event "CXG R.Sa mem-B"]
[Site "Rio de Janeiro"]
[Date "1999.??.??"]
[Round "8"]
[White "Ferraz e Silva, Pietro"]
[Black "Marinho, Rodolpho"]
[Result "1/2-1/2"]
[WhiteElo "2000"]
[BlackElo "2000"]

1.e4 c5 2.Nf3 d6 3.Bb5+ Bd7 4.Bxd7+ Nxd7 5.d3 Ngf6 6.O-O e6 7.Bg5 Be7 8.e5 Nd5
9.Bxe7 Qxe7 10.exd6 Qxd6 11.Re1 O-O 12.Nbd2 N7f6 13.Nc4 Qc7 14.Nce5 Nb4 15.a3 Nc6
16.Nxc6 Qxc6 17.Ne5 Qc7 18.Qf3 Nd5 19.Qh3 Qe7 20.Re4 f6 21.Nf3 f5 22.Rh4 h6
23.Ne5 Rf6 24.Qg3 Kh7 25.Re1 g5 26.Rh5 Rg8 27.h4 gxh4 28.Qxh4 Qg7 29.g3 f4
30.g4 Rf5 31.Rxf5 exf5 32.Kh2 fxg4 33.Kh1 g3 34.fxg3 Qxg3 35.Qxg3 fxg3 36.Re4 g2+
37.Kg1 Rg5 38.Nf7 Rg7 39.Re5 Nf4 40.Re7 Kg6 41.Ne5+ Kf6 42.Rxg7 Kxg7 43.Nd7 b6
44.Ne5 h5 45.Nf3 Kg6 46.Kh2 Kf5 47.Kg3 Ne2+ 48.Kf2 Nd4 49.Nxd4+ cxd4 50.Kxg2 Kf4
51.Kf2 h4 52.c3 Ke5 53.Kf3 b5 54.Kg4 a5 55.Kxh4 dxc3 56.bxc3 b4 57.axb4 a4
58.b5 a3 59.b6 a2 60.b7 a1=Q 61.b8=Q+ Ke6 62.Qc8+ Kd5 63.c4+ Kd6 64.c5+ Kd5
65.Qf5+ Kc6 66.Qe6+ Kc7 67.Qd6+ Kc8 68.c6 Qh1+ 69.Kg5 Qg2+ 70.Kf5 Qf3+ 71.Ke6 Qg4+
72.Kd5 Qf5+ 73.Kc4 Qf7+ 74.Kc5 Qf2+ 75.d4 Qc2+ 76.Kb6 Qb3+ 77.Kc5 Qc3+ 78.Kd5 Qf3+
79.Ke5 Qe3+ 80.Kf6 Qh6+ 81.Ke7 Qg7+ 82.Ke6 Qg6+ 83.Kd5 Qf5+ 84.Qe5 Qf3+ 85.Kc5 Qc3+
86.Kd6 Qb4+ 87.Qc5 Qb8+ 88.c7 Qb6+  1/2-1/2

[Event "Pan American-ch (Women)"]
[Site "San Felipe"]
[Date "1999.??.??"]
[Round "8"]
[White "Arribas, Maritza"]
[Black "Duarte, Tatiana"]
[Result "1-0"]
[WhiteElo "2322"]
[BlackElo "2146"]

1.e4 c5 2.Nf3 d6 3.Bb5+ Bd7 4.Bxd7+ Qxd7 5.O-O Nc6 6.b3 Nf6 7.Re1 Qg4 8.h3 Qd7
9.Bb2 e5 10.c3 g5 11.d4 g4 12.Nh4 gxh3 13.g3 h5 14.dxc5 dxc5 15.Qxd7+ Nxd7
16.Kh2 Be7 17.Nf5 O-O-O 18.Kxh3 Rdg8 19.Na3 Nf6 20.Nc4 h4 21.gxh4 Ng4 22.Re2 Bd8
23.Ncd6+ Kc7 24.Nxf7 Rh7 25.Nxd8 Nxd8 26.Bc1 Nf6 27.f3 Ne6 28.Rg2 Re8 29.Be3 Nh5
30.Rg4 Nhf4+ 31.Bxf4 Nxf4+ 32.Rxf4 exf4 33.Kg4 Rf8 34.Rh1 Rg8+ 35.Kxf4 Rg2
36.h5 Rxa2 37.h6 a5 38.Rg1 Rd2 39.Rg7+ Rxg7 40.hxg7 Rd8 41.c4 Rg8 42.Ke5 b5
43.cxb5 c4 44.bxc4 a4 45.Kf6 a3 46.Nd4 a2 47.Nb3 Rd8 48.c5  1-0

[Event "Staufer-Open 11th"]
[Site "Schwaebisch Gmuend"]
[Date "1999.??.??"]
[Round "4"]
[White "Glodeanu, Ion"]
[Black "Sturm, Bernhard"]
[Result "1-0"]
[WhiteElo "2355"]
[BlackElo "2027"]

1.e4 c5 2.Nf3 d6 3.Bb5+ Bd7 4.Bxd7+ Qxd7 5.O-O Nc6 6.d4 cxd4 7.Nxd4 Nf6 8.Re1 e6
9.c4 Be7 10.Nc3 a6 11.b3 O-O 12.Bb2 Rfd8 13.Nxc6 Qxc6 14.Qe2 Rac8 15.Rad1 Bf8
16.Rd2 Nd7 17.Red1 Qc7 18.Qe3 b6 19.Qg3 Nc5 20.Qe3 Re8 21.Kh1 Qb7 22.e5 Qc6
23.exd6 Red8 24.Qg3 Nb7 25.d7 Rc7 26.Ne4 f5 27.Be5  1-0

[Event "Sportland-NRW-Cup"]
[Site "Senden"]
[Date "1999.??.??"]
[Round "2"]
[White "Breder, Dennis"]
[Black "Caravan, Mariana"]
[Result "1-0"]
[WhiteElo "2255"]
[BlackElo "2125"]

1.e4 c5 2.Nf3 d6 3.Bb5+ Bd7 4.Bxd7+ Nxd7 5.O-O Ngf6 6.Qe2 e6 7.d4 cxd4 8.Nxd4 Be7
9.c4 O-O 10.Nc3 a6 11.b3 Rc8 12.Bb2 Re8 13.Rad1 Qc7 14.f4 Qc5 15.Kh1 Bf8
16.Nf3 Ng4 17.Ng5 f5 18.Na4 Qc6 19.h3 Nh6 20.e5 dxe5 21.fxe5 Rcd8 22.Rd3 Nc5
23.Nxc5 Bxc5 24.Rfd1 Be7 25.Nf3 Nf7 26.R1d2 Rxd3 27.Rxd3 Rd8 28.a4 Qc7 29.Nd4 Qxe5
30.Re3 Qc5 31.Nxe6 Rd1+ 32.Qxd1 Qxe3 33.Nxg7 Qe4 34.Nh5 Ne5 35.Ng3 Qf4 36.Ne2 Qe4
37.Nc3 Qd3 38.Qe1 Bd6 39.Nd5 Ng6 40.Qe6+ Kf8 41.Qxd6+  1-0

[Event "Sportland-NRW-Cup"]
[Site "Senden"]
[Date "1999.??.??"]
[Round "4"]
[White "Breder, Dennis"]
[Black "Emunds, Hans Georg"]
[Result "1-0"]
[WhiteElo "2255"]
[BlackElo "2175"]

1.e4 c5 2.Nf3 d6 3.Bb5+ Nc6 4.O-O Bd7 5.Re1 Nf6 6.c3 a6 7.Bf1 Bg4 8.d3 d5
9.h3 dxe4 10.hxg4 exf3 11.Qxf3 Qd5 12.Qe2 e6 13.Na3 Bd6 14.g5 Nd7 15.g3 Nde5
16.Bg2 Qxd3 17.Bxc6+ bxc6 18.Qxd3 Nxd3 19.Rd1 Nxc1 20.Rxd6 Ke7 21.Nc4  1-0

[Event "Sevilla op"]
[Site "Sevilla"]
[Date "1999.??.??"]
[Round "8"]
[White "Strikovic, Aleksa"]
[Black "Kolev, Atanas"]
[Result "0-1"]
[WhiteElo "2550"]
[BlackElo "2550"]

1.Nf3 c5 2.e4 d6 3.Bb5+ Bd7 4.Bxd7+ Qxd7 5.O-O Nc6 6.c3 Nf6 7.d4 Nxe4 8.d5 Ne5
9.Nxe5 dxe5 10.Re1 Nd6 11.Rxe5 g6 12.Re1 Bg7 13.Bg5 Nf5 14.Na3 O-O-O 15.Qb3 f6
16.Bf4 g5 17.Bg3 Qxd5 18.Qa4 a6 19.Nc4 Qc6 20.Re6 Qxe6  0-1

[Event "Split op"]
[Site "Split"]
[Date "1999.??.??"]
[Round "4"]
[White "Ljubicic, Filip"]
[Black "Biliskov, Vjekoslav"]
[Result "0-1"]
[WhiteElo "2396"]
[BlackElo "2312"]

1.e4 c5 2.Nf3 d6 3.Bb5+ Bd7 4.Bxd7+ Nxd7 5.O-O Ngf6 6.Re1 e6 7.d4 cxd4 8.Nxd4 Be7
9.Nc3 O-O 10.Ndb5 Nc5 11.Bf4 Ne8 12.b4 Na6 13.Rb1 Nac7 14.Na3 Rc8 15.Rb3 Qd7
16.Nc4 Na6 17.Qd3 d5 18.Ne5 Qd8 19.exd5 Nxb4 20.Qb5 Na6 21.Nd7 Nac7 22.Qa4 b5
23.Qxa7 Qxd7 24.Nxb5 exd5 25.a4 Qd8 26.Qe3 Ne6 27.Na7  0-1

[Event "SVK-chT 9899"]
[Site "SVK"]
[Date "1999.??.??"]
[Round "8"]
[White "Mrva, Vladimir"]
[Black "Gazik, Igor"]
[Result "0-1"]
[WhiteElo "2200"]
[BlackElo "2360"]

1.e4 c5 2.Nf3 d6 3.Bb5+ Nc6 4.O-O Bd7 5.d4 cxd4 6.Nxd4 Nf6 7.Nxc6 bxc6 8.Bd3 e5
9.f4 Be7 10.Nc3 O-O 11.h3 exf4 12.Rxf4 Be6 13.Qe2 Nd7 14.Rf1 Bf6 15.Bc4 Re8
16.Bxe6 Rxe6 17.Qf3 Ne5 18.Qg3 Qb6+ 19.Kh1 Rae8 20.b3 Nd7 21.Bb2 Qa5 22.Rad1 Be5
23.Qf3 Rf6 24.Qe3 Rg6 25.Rf5 Nc5 26.Rdf1 Re7 27.a4 Qc7 28.Rg5 Bxc3 29.Bxc3 Rxe4
30.Qg3 Qe7 31.Rxg6 hxg6 32.Bb2 Re3 33.Qf4 Re2 34.Qd4 f6 35.Qg4 Qe4 36.Rf4 Qxc2
37.Qc8+ Kf7 38.Qc7+ Re7 39.Qxd6 Ne4 40.Qd4 Ng3+ 41.Kh2 Nf5 42.Qc4+ Qxc4 43.Rxc4 Re2
44.Bc1 g5 45.Kg1 Ne7 46.Ba3 Re6 47.Rb4 Re1+ 48.Kh2 Ra1 49.Bb2 Ra2 50.Bd4 Nf5
51.Bxa7 Nh4 52.Kg1 Nxg2 53.Rc4 Nf4 54.h4 Ne2+ 55.Kf1 gxh4 56.Rxh4 Nc1 57.Rh3 Rb2
58.Rc3 Nxb3 59.Rxc6 Ra2 60.Ra6 Nd2+ 61.Kg2 g5 62.Kg3 f5 63.Bd4 Ne4+ 64.Kf3 Ra3+
65.Ke2 f4 66.Ra7+ Ke6 67.Ra5 Ng3+ 68.Kf2 g4 69.Re5+ Kf7 70.Re7+  0-1

[Event "SVK-chT1E 9899"]
[Site "SVK"]
[Date "1999.??.??"]
[Round "10"]
[White "Jacko, Vladimir"]
[Black "Lukac, Jozef"]
[Result "1-0"]
[WhiteElo "2320"]
[BlackElo "2065"]

1.e4 c5 2.Nf3 d6 3.Bb5+ Bd7 4.Bxd7+ Qxd7 5.O-O e6 6.d4 cxd4 7.Nxd4 Nc6 8.Nc3 Be7
9.Nce2 Nf6 10.Ng3 d5 11.exd5 Qxd5 12.Nxc6 Qxc6 13.c3 O-O 14.Qe2 Rfd8 15.Bg5 Rd5
16.Be3 Rad8 17.Rfd1 a6 18.Rxd5 Qxd5 19.Bb6 Rd7 20.Bd4 h6 21.Kf1 Ne8 22.Qe4 Qg5
23.Qe3 Qh4 24.h3 Nd6 25.Qe2 Nb5 26.Be3 Bf8 27.Qg4 Be7 28.Ke2 Qxg4+ 29.hxg4 f6
30.Ne4 Kf7 31.f3 f5 32.Nf2 Nc7 33.Nd3 Bd6 34.c4 Kf6 35.Rd1 Bg3 36.Rf1 Bd6
37.Rc1 g5 38.Rh1 Rh7 39.Bb6 f4 40.Bxc7 Bxc7 41.Nc5 Bb6 42.Ne4+ Kg6 43.b4 Bd4
44.c5 Be5 45.a4 Rd7 46.Rd1 Rh7 47.b5 axb5 48.axb5 Rc7 49.Rc1 h5 50.gxh5+ Kxh5
51.c6 b6 52.Nf2 Ra7 53.Ng4 Ra2+ 54.Kd3 Bc7 55.Nf6+ Kg6 56.Ne8 Be5 57.c7 Bxc7
58.Nxc7 Rxg2 59.Nxe6 Kf5 60.Re1 Rb2 61.Nd4+ Kg6 62.Re6+ Kh5 63.Rxb6 Kh4 64.Rh6+ Kg3
65.Rg6 Kh4 66.Nf5+ Kh3 67.Rxg5 Rb3+ 68.Ke4 Rb4+ 69.Nd4  1-0

[Event "SVK-chT 9899"]
[Site "SVK"]
[Date "1999.??.??"]
[Round "11"]
[White "Zetocha, Claudiu"]
[Black "Fabian, Jaroslav"]
[Result "1-0"]
[WhiteElo "2400"]
[BlackElo "2240"]

1.e4 c5 2.Nf3 d6 3.Bb5+ Nd7 4.O-O Nf6 5.Re1 e6 6.c3 a6 7.Bf1 Be7 8.d4 O-O
9.e5 dxe5 10.dxe5 Nd5 11.Bc4 Nb8 12.a4 Nc6 13.Nbd2 b6 14.Ne4 Bb7 15.Qc2 Qc7
16.Neg5 g6 17.h4 Rfe8 18.h5 Bf8 19.hxg6 hxg6 20.Qe4 Bg7 21.Qh4 Nce7 22.Qh7+ Kf8
23.Nxf7 Nf5 24.N7g5 Re7 25.Qxg6 Qc6 26.Bxd5  1-0

[Event "SWE-chT 9899"]
[Site "Sweden"]
[Date "1999.??.??"]
[Round "7"]
[White "Brynell, Stellan"]
[Black "Svensson, Bengt"]
[Result "1-0"]
[WhiteElo "2475"]
[BlackElo "2390"]

1.e4 c5 2.Nf3 d6 3.Bb5+ Bd7 4.Bxd7+ Nxd7 5.O-O Ngf6 6.Qe2 e6 7.b3 Be7 8.Bb2 O-O
9.c4 a6 10.d4 cxd4 11.Nxd4 Rc8 12.Nc3 Qa5 13.Rad1 Rfe8 14.Kh1 Qh5 15.Qxh5 Nxh5
16.g3 Nhf6 17.Rd2 Nc5 18.f3 Red8 19.Rfd1 h6 20.Nc2 Kf8 21.Kg2 Ne8 22.Ne3 Bf6
23.Ng4 Be7 24.Nf2 Bf6 25.f4 h5 26.e5 dxe5 27.b4 Rxd2 28.Rxd2 e4 29.bxc5 e3
30.Rd7 exf2 31.Rxb7 Bd4 32.Na4 Bxb2 33.Rxb2 Nf6 34.Kxf2 Ne4+ 35.Ke3 Nxc5
36.Nxc5 Rxc5 37.Kd4 Rc7 38.Rb6 Rd7+ 39.Kc3 Rd1 40.Rxa6 Rh1 41.c5 Rxh2 42.Ra8+ Ke7
43.Ra7+ Kd8 44.Rxf7 Rxa2 45.Rxg7 Rg2 46.Rg5 Rf2 47.Rxh5 Rf3+ 48.Kd4 Rxg3
49.Ke5 Rf3 50.Kd6 Kc8 51.Rh8+ Kb7 52.c6+  1-0

[Event "SWE-chT 9899"]
[Site "Sweden"]
[Date "1999.??.??"]
[Round "9"]
[White "Delveborn, Ingemar"]
[Black "Carlsson, Ingvar"]
[Result "1-0"]
[WhiteElo "2210"]
[BlackElo "2036"]

1.e4 c5 2.Nf3 d6 3.Bb5+ Bd7 4.Bxd7+ Qxd7 5.O-O Nc6 6.c3 Nf6 7.Re1 e6 8.d3 Be7
9.Nbd2 O-O 10.Nf1 d5 11.e5 Ne8 12.Qe2 Nc7 13.Bg5 b5 14.Bxe7 Qxe7 15.Ng3 c4
16.a3 Na6 17.Nd4 Nxd4 18.cxd4 Rac8 19.Rec1 Qh4 20.Qe3 Nb8 21.Ne2 Nc6 22.f4 Na5
23.Rf1 g6 24.Rf3 Rc7 25.Raf1 Rfc8 26.Nc3 cxd3 27.Qxd3 Nc4 28.Nd1 a6 29.Rh3 Qg4
30.Rg3 Qf5 31.Qxf5 exf5 32.Nc3 Nb6 33.Re1 Re8 34.Rge3 Rc4 35.e6 f6 36.e7 Rxd4
37.Re6 Nc4 38.Rxa6 Kf7 39.Nxb5 Rd2 40.b3 Rxe7 41.Rxe7+ Kxe7 42.bxc4 dxc4
43.Rc6 Rb2 44.Nc3 Rb3 45.Nd5+ Kd7 46.Rxc4 Rxa3 47.Nxf6+ Kd6 48.Nxh7 Kd5 49.Rc2 Ke4
50.g3 Ke3 51.Kg2  1-0

[Event "SWE-chT 9899"]
[Site "Sweden"]
[Date "1999.??.??"]
[Round "9"]
[White "Lamm, Steffen"]
[Black "Klashed, Martin"]
[Result "1-0"]
[WhiteElo "2113"]
[BlackElo "1707"]

1.e4 c5 2.Nf3 d6 3.Bb5+ Bd7 4.Bxd7+ Qxd7 5.O-O Nc6 6.Re1 g6 7.c3 Bg7 8.d4 cxd4
9.cxd4 Nf6 10.Nc3 O-O 11.h3 Rac8 12.Bg5 Rfd8 13.Qd2 a6 14.Rad1 b5 15.Nd5 Qa7
16.Qf4 Nh5 17.Qh4 Bf8 18.g4 Ng7 19.Be3 Ne6 20.Nc3 Nb4 21.d5 Nc5 22.Re2 a5
23.Nd4 Qd7 24.Red2 Nba6 25.f3 b4 26.Nce2 Bg7 27.Bh6 Bf6 28.Bg5 Bxg5 29.Qxg5 Qa7
30.Kh1 Nb8 31.Nf4 a4 32.h4 Qd7 33.Nf5 f6 34.Qh6 gxf5 35.gxf5 Qe8 36.Rg1+ Kh8
37.Qg7+  1-0

[Event "SWE-chT 9899"]
[Site "Sweden"]
[Date "1999.??.??"]
[Round "10"]
[White "Delveborn, Ingemar"]
[Black "Carlsson, Daniel"]
[Result "1-0"]
[WhiteElo "2210"]
[BlackElo "2379"]

1.e4 c5 2.Nf3 d6 3.Bb5+ Nd7 4.d4 cxd4 5.Qxd4 Nf6 6.Bg5 h6 7.Bxf6 gxf6 8.Nc3 a6
9.Bxd7+ Bxd7 10.Nd5 Rc8 11.O-O-O Rg8 12.Nh4 Qa5 13.Kb1 Rg4 14.g3 Bg7 15.Nxe7 Rc5
16.Qxd6 Ba4 17.Qb8+ Kxe7 18.Nf5+ Rxf5 19.Qd6+ Ke8 20.exf5 Bc6 21.Rhe1+ Re4
22.Rxe4+ Bxe4 23.Qd7+  1-0

[Event "SWE-chT 9899"]
[Site "Sweden"]
[Date "1999.??.??"]
[Round "10"]
[White "Brynell, Stellan"]
[Black "Ernst, Thomas"]
[Result "1/2-1/2"]
[WhiteElo "2531"]
[BlackElo "2504"]

1.e4 c5 2.Nf3 d6 3.Bb5+ Nd7 4.d4 Nf6 5.Nc3 a6 6.Bxd7+ Nxd7 7.O-O e6 8.dxc5 Nxc5
9.Bg5 Qc7 10.Re1 b5 11.Nd4 Bd7 12.Qh5 Rc8 13.Nd5 Qb7 14.Rad1 e5 15.Nb3 Be6
16.Na5 Qd7 17.Qe2 Nb7 18.Nb3 Bxd5 19.Rxd5 Be7 20.Be3 O-O 21.Red1 Qc6 22.c3 Qc4
23.Qxc4 bxc4 24.Na1 f5 25.exf5 Rxf5 26.Nc2 Kf7 27.f4 Ke6 28.g4 Rff8 29.f5+ Kf7
30.Nb4 Ra8 31.R5d2 g6 32.Rf1 gxf5 33.Rxf5+ Ke6 34.Nd5 Rac8 35.Kg2 Rxf5 36.gxf5+ Kf7
37.Kf3 Rg8 38.Rg2 Rxg2 39.Kxg2 Bd8 40.Kf3 Na5 41.Nb4 Nb7 42.a4 a5 43.Nd5 Kg7
44.Ke4 Kf7 45.Bf2 Kg7 46.Ba7 Bg5 47.Be3 Bd8 48.Bg1 Kf7 49.Ne3 Nc5+ 50.Kd5 Nxa4
51.Nxc4 Kf6 52.Kxd6 Kxf5 53.Kc6 Ke4 54.Kb5 Nxc3+ 55.bxc3 Kd3 56.Nxe5+ Kxc3
57.Nc6 Bc7 58.Nxa5 Kd3 59.Nc4 Ke2 60.h4 Kf3 61.Bc5 Bd8 62.h5 Kg4 63.h6 Bg5
64.Bf8 Kh5 65.Kc5 Bxh6  1/2-1/2

[Event "SWE-chT 9899"]
[Site "Sweden"]
[Date "1999.??.??"]
[Round "11"]
[White "Kinnmark, Ove"]
[Black "Svensk, Ingemar"]
[Result "1/2-1/2"]
[WhiteElo "2352"]
[BlackElo "2342"]

1.e4 c5 2.Nf3 d6 3.Bb5+ Bd7 4.Bxd7+ Qxd7 5.O-O Nf6 6.Qe2 Nc6 7.c3 e6 8.d4 d5
9.exd5 Qxd5 10.Be3 cxd4 11.Nxd4 Nxd4 12.Bxd4 Be7 13.Rd1 Qc6 14.Nd2 O-O 15.Qf3  1/2-1/2

[Event "SWZ-chT"]
[Site "SWZ"]
[Date "1999.??.??"]
[Round "3"]
[White "Maier, Christian"]
[Black "Bircher, Roland"]
[Result "1-0"]
[WhiteElo "2353"]
[BlackElo "2215"]

1.e4 c5 2.Nf3 d6 3.Bb5+ Bd7 4.c4 Nf6 5.Nc3 e6 6.O-O Be7 7.d4 cxd4 8.Nxd4 Nc6
9.Bxc6 Bxc6 10.Qe2 O-O 11.Rd1 Qc7 12.b3 a6 13.Bb2 Rfd8 14.Rac1 Qb6 15.Rd3 Bf8
16.Nxc6 Qxc6 17.Rg3 Ne8 18.h4 Rac8 19.h5 Qd7 20.Na4 Qe7 21.Rd1 g6 22.hxg6 hxg6
23.Rh3 Bg7 24.Bxg7 Nxg7 25.Qe3 Qf6 26.Nb6 Rb8 27.Qh6 Nh5 28.Rxh5 gxh5 29.Qxf6  1-0

[Event "SWZ-chT"]
[Site "SWZ"]
[Date "1999.??.??"]
[Round "6"]
[White "Bellini, Fabio"]
[Black "Pelletier, Yannick"]
[Result "1-0"]
[WhiteElo "2418"]
[BlackElo "2483"]

1.e4 c5 2.Nf3 d6 3.Bb5+ Bd7 4.Bxd7+ Nxd7 5.O-O Ngf6 6.Qe2 Rc8 7.c3 e6 8.d3 Be7
9.Ng5 h6 10.Nh3 Qc7 11.f4 b5 12.c4 bxc4 13.dxc4 d5 14.f5 dxe4 15.fxe6 fxe6
16.Nc3 O-O 17.Bf4 Qc6 18.Rad1 Rcd8 19.Nf2 Nb6 20.Rxd8 Rxd8 21.b3 Bd6 22.Bxh6 Be5
23.Nfxe4 Nxe4 24.Nxe4 Rd4 25.Ng5 Bxh2+ 26.Kxh2 Rh4+ 27.Kg1 Rxh6 28.Rd1 Nd7
29.Qf2 Rf6 30.Qh4 Rh6 31.Qf4 Rf6 32.Qh2 Nf8 33.Rd8 Rh6 34.Qb8 Rf6 35.Rd6  1-0

[Event "SWZ-chT"]
[Site "SWZ"]
[Date "1999.??.??"]
[Round "8"]
[White "Domont, Alexandre"]
[Black "Sokolov, Andrei"]
[Result "0-1"]
[WhiteElo "2399"]
[BlackElo "2567"]

1.e4 c5 2.Nf3 d6 3.Bb5+ Nd7 4.O-O a6 5.Bxd7+ Bxd7 6.d4 cxd4 7.Qxd4 Nf6 8.Bg5 e6
9.Nc3 Be7 10.e5 dxe5 11.Nxe5 Qc7 12.Nxd7 Qxd7 13.Rfd1 Qxd4 14.Rxd4 Rc8 15.Rc1 h6
16.Bh4 O-O 17.Kf1 Rc6 18.f3 Rfc8 19.Ke2 b5 20.Kd1 g5 21.Be1 b4 22.Ne2 Nd5
23.Rd3 Bf6 24.c3 Rd8 25.cxb4 Ne3+  0-1